|
|
|
|
| LEADER |
00000naa a2200000 i 4500 |
| 001 |
publ518 |
| 005 |
20151110112722.0 |
| 008 |
151110s2006 hu o 000 zxx d |
| 040 |
|
|
|a BGE Publikációtár Repozitórium
|b hun
|
| 100 |
1 |
|
|a Csesznák Anita
|
| 245 |
1 |
2 |
|a A vállalati jellemzők közötti kapcsolatok vizsgálata az EU-csatlakozás idején a "Versenyben a világgal" kutatási programban résztvevő vállalatok adatai alapján
|c Csesznák Anita
|h [elektronikus dokumentum]
|
| 260 |
|
|
|a Budapesti Gazdasági Főiskola
|b Budapest
|c 2006
|
| 300 |
|
|
|a 204-221
|
| 490 |
0 |
|
|a Tudományos évkönyv 2005: A prioritások és a konvergencia kölcsönhatása a magyar gazdaságban
|
| 650 |
|
4 |
|a matematika- és számítástudományok
|
| 695 |
|
|
|a Vállalatelemzés
|
| 695 |
|
|
|a EU-csatlakozás
|
| 856 |
4 |
0 |
|u https://publikaciotar.uni-bge.hu/id/eprint/518/1/Cseszn%C3%A1k%20Anita%20-%20A%20v%C3%A1llalati%20jellemz%C4%B1k%20k%C3%B6z%C3%B6tti%20kapcsolatok%20vizsg%C3%A1lata%20az.pdf
|z Dokumentum-elérés
|